Obra completa

Na minha lista:
Detalhes bibliográficos
Autor principal: Esenin, Serguei (Author)
Formato: Livro
Idioma:espanhol
Publicado em: Barcelona Ediciones 29 1977
Colecção:Libros Río Nuevo, 3
Assuntos:
Tags: Adicionar Tag
Sem tags, seja o primeiro a adicionar uma tag!

MARC

LEADER 00000nam a2200000 a 4500
001 UCO5544
003 CL-VaPUC
008 000908e19770000SP |||||||||||||||||spa|d
082 0 4 |a 891.71  |b ESE  |2 21 
100 0 |a Esenin, Serguei  |e author  |9 450240 
245 1 0 |a Obra completa 
300 |a v 
942 |c BK 
945 |d 20000908 00:00:00  |a crobeson 
260 |a Barcelona  |b Ediciones 29  |c 1977 
500 |a v.1: Antes de octubre 
650 0 |a Poesías rusas  |9 266684 
650 0 |a Literatura rusa  |9 318370 
583 |a last modification  |c 20000908 00:00:00  |k Rodrigo Vera 
490 0 |a Libros Río Nuevo, 3 
999 |c 291400  |d 291398 
952 |0 0  |1 0  |4 0  |6 891_710000000000000_ESE_1977  |7 0  |8 A  |9 341232  |a BIBART  |b BIBART  |d 2019-11-20  |h v.1  |i 1221493  |o 891.71 ESE 1977  |p 1221493  |r 2025-03-13  |w 2019-11-20  |y BK  |k ART